| 000 | 00724nam a2200253 a 4500 | ||
|---|---|---|---|
| 001 | 15289 | ||
| 003 | BD-RjUL | ||
| 005 | 20211208235803.0 | ||
| 008 | 140209s1964 enka 000 0 eng d | ||
| 035 | _a(BD-RjUL) 15343 | ||
| 040 |
_aDLC _cCarP _dDLC _dBD-RjUL _beng |
||
| 041 | _aeng | ||
| 082 | 0 | 0 |
_223 _a621.31924 _bGRE 1964 |
| 100 | 1 |
_aGraff, Heinz _947532 |
|
| 245 | 1 | 0 |
_aElectrical installation / _cHeinz Graff |
| 250 | _a3rd ed. | ||
| 260 |
_aLondon : _bSelpress, _c1964. |
||
| 300 |
_a180 p. : _bill. ; _c22 cm. |
||
| 490 | _aTechnical fundamentals ; | ||
| 650 | 0 |
_aElectric wiring. _947533 |
|
| 650 | 0 |
_aElectric apparatus and appliances. _927158 |
|
| 830 |
_aTechnical fundamentals ; _9218900 |
||
| 942 |
_2ddc _cBK |
||
| 999 |
_c15289 _d15289 |
||